Quiz sur la planète Jupiter - Statistiques

Statistiques générales
  • Ce quiz a été pris 89 fois
    60 depuis la dernière actualisation
  • Le résultat moyen est 7 sur 12
Statistiques - réponses
Question Réponse % Correct
Nom grec du "dieu des dieux", Jupiter en romain Zeus
94%
"Ceinture" qu'on peut trouver dans le système solaire entre Mars et Jupiter Ceinture d'{astéroïdes}
90%
Celui de ces satellites qui est l'astre le plus volcanique du système solaire Io
84%
Nommez une des trois autres lunes, suspectées de contenir un océan d'eau liquide souterrain Europe | Ganymède | Callisto
82%
Astronome ayant découvert ses 4 principales lunes à l'aide de son télescope en 1610 Galilée
68%
Deux éléments chimiques composant principalement Jupiter Hydrogène
62%
Temps que met Jupiter à tourner autour du Soleil {12} ans
54%
Deux éléments chimiques composant principalement Jupiter Hélium
54%
Tempête qui perdure sur Jupiter depuis près de 200 ans Grande Tache Rouge
52%
Shoemaker-Levy 9, qui s'est écrasée sur Jupiter en 1994, était ce type d'objet Comète
36%
Adjectif associé à Jupiter, analogue à "martien" pour Mars Jovien
24%
Plus importante sonde spatiale consacrée à l'exploration de Jupiter, arrivée en 1995 Galileo
6%
Aucun quiz correspondant
Distribution des résultats
% des personnes avec chaque résultat
Percentile par nombre de réponses
Votre historique - résultats
Vous n’avez pas pris ce quiz depuis la dernière actualisation